La promoción de la salud en el lugar de trabajo: resumen del Programa
Guardado en:
| Institution som forfatter: | |
|---|---|
| Format: | Texto |
| Udgivet: |
Bruselas:
Comunidades Europeas
|
| Tags: |
Tilføj Tag
Ingen Tags, Vær først til at tagge denne postø!
|
MARC
| LEADER | 00000 a a2200000 04500 | ||
|---|---|---|---|
| 001 | 22789 | ||
| 003 | |||
| 040 | |||
| 020 | |a 92-828-1440-8 | ||
| 090 | |a 156500 | ||
| 110 | |a Fundación Europea | ||
| 245 | |a La promoción de la salud en el lugar de trabajo: resumen del Programa | ||
| 260 | |a Bruselas: |b Comunidades Europeas | ||
| 300 | |a 47 p. | ||
| 999 | |c 9468 |d 9468 | ||



